La Globalización después de Iraq: de los ajustes estructurales a la privatización de la vida por el asalto al poder mundial /
Guardado en:
| Hovedforfatter: | |
|---|---|
| Format: | Texto |
| Fag: | |
| Tags: |
Tilføj Tag
Ingen Tags, Vær først til at tagge denne postø!
|
MARC
| LEADER | 00000 a a2200000 04500 | ||
|---|---|---|---|
| 001 | 11784 | ||
| 003 | |||
| 040 | |||
| 100 | |a Mora Jiménez, Henry | ||
| 245 | |a La Globalización después de Iraq: |b de los ajustes estructurales a la privatización de la vida por el asalto al poder mundial / |c Henry Mora Jiménez | ||
| 650 | |a AJUSTE ESTRUCTURAL | ||
| 650 | |a FACTORES DE PRODUCCION | ||
| 650 | |a HISTORIA ECONOMICA | ||
| 650 | |a LIBERALIZACION ECONOMICA | ||
| 773 | |g número 107; páginas 12-16 | ||
| 999 | |c 33873 |d 33873 | ||
| 773 | 0 | |0 41641 |9 2469 |a Departamento Ecuménico de Investigaciones (DEI) |d San José, Costa Rica Departamento Ecuménico de Investigaciones (DEI) |o 20189 |t Pasos / | |
